The interStellar medium (Record no. 8579)
[ view plain ]
| 000 -LEADER | |
|---|---|
| fixed length control field | 00749nam a2200193Ia 4500 |
| 003 - CONTROL NUMBER IDENTIFIER | |
| control field | IN-BaIIA |
| 008 - FIXED-LENGTH DATA ELEMENTS--GENERAL INFORMATION | |
| fixed length control field | 211028s9999 xx 000 0 eng d |
| 020 ## - INTERNATIONAL STANDARD BOOK NUMBER | |
| International Standard Book Number | 90-277-0417-1 |
| 040 ## - CATALOGING SOURCE | |
| Transcribing agency | IIA Library |
| 080 ## - UNIVERSAL DECIMAL CLASSIFICATION NUMBER | |
| Universal Decimal Classification number | 524.5(063) |
| Item number | THE |
| 111 ## - MAIN ENTRY--MEETING NAME | |
| Meeting name or jurisdiction name as entry element | NATO Advanced Study institute on the interstellar Medium |
| Location of meeting | Germany |
| Date of meeting or treaty signing | 1973 Apr. 2-13 |
| 9 (RLIN) | 14391 |
| 245 #4 - TITLE STATEMENT | |
| Title | The interStellar medium |
| Remainder of title | proceedings of the NATO Advanced Study Institute on the interStellar medium, held in Schliersee, Germany, April 2-13, 1973 |
| Statement of responsibility, etc. | edited by K. Pinkau |
| 260 ## - PUBLICATION, DISTRIBUTION, ETC. | |
| Place of publication, distribution, etc. | Dordrecht |
| Name of publisher, distributor, etc. | D. Reidel Publishing |
| Date of publication, distribution, etc. | 1974 |
| 300 ## - PHYSICAL DESCRIPTION | |
| Extent | [various pagings.] |
| 650 ## - SUBJECT ADDED ENTRY--TOPICAL TERM | |
| Topical term or geographic name entry element | Astronomy and Astrophysics thesaurus |
| 650 ## - SUBJECT ADDED ENTRY--TOPICAL TERM | |
| Topical term or geographic name entry element | InterStellar Matter |
| 9 (RLIN) | 1189 |
| 700 ## - ADDED ENTRY--PERSONAL NAME | |
| Personal name | Pinkau, K., ed. |
| 9 (RLIN) | 14392 |
| 942 ## - ADDED ENTRY ELEMENTS (KOHA) | |
| Koha item type | Books |
| Withdrawn status | Lost status | Damaged status | Not for loan | Home library | Current library | Shelving location | Date acquired | Cost, normal purchase price | Total Checkouts | Full call number | Barcode | Date last seen | Cost, replacement price | Price effective from | Koha item type | Purchase Price |
|---|---|---|---|---|---|---|---|---|---|---|---|---|---|---|---|---|
| IIA Library-Bangalore | IIA Library-Bangalore | General Stacks | 08/01/1986 | 129.00 | 524.5(063)/ THE | 9448 | 05/11/2021 | 129.00 | 08/01/1986 | Books | Rs. 129.00 |